Can you name all TF2 Maps? - Statistics

General Stats
  • This quiz has been taken 10 times
  • The average score is 108 of 224
Answer Stats
Map Name % Correct
2Fortctf_2fort
100%
Badwater Basin pl_badwater
89%
Dustbowl cp_dustbowl
89%
Dustbowl (Training) tr_dustbowl
89%
Gorge cp_gorge
89%
Gorge (Capture The Flag) ctf_gorge
89%
Hightower plr_hightower
89%
Sawmill (Arena) arena_sawmill
89%
Sawmill (Capture The Flag)ctf_sawmill
89%
Sawmill (King of the Hill) koth_sawmill
89%
Turbinectf_turbine
89%
Asteroid rd_asteroid
78%
Badlands (Arena) arena_badlands
78%
Badlands (Control Point)cp_badlands
78%
Badlands (King of the Hill) koth_badlands
78%
Double Crossctf_doublecross
78%
Egypt cp_egypt_final
78%
Gold Rush pl_goldrush
78%
Gravel Pit cp_gravelpit
78%
Harvest koth_harvest_final
78%
Hoodoo pl_hoodoo_final
78%
Hydro tc_hydro
78%
Landfallctf_landfall
78%
Mannhattan mvm_mannhattan
78%
Mercenary Park cp_mercenarypark
78%
Nucleus (Arena) arena_nucleus
78%
Nucleus (King of the Hill) koth_nucleus
78%
Nucleus VSH vsh_nucleus
78%
Sunshinecp_sunshine
78%
Upward pl_upward
78%
Well (Arena) arena_well
78%
Well (Capture The Flag)ctf_well
78%
Well (Control Point)cp_well
78%
Wutville pl_wutville_event
78%
2Fort Invasionctf_2fort_invasion
67%
Altitudecp_altitude
67%
Banana Bay plr_bananabay
67%
Bloodwater pl_bloodwater
67%
Borneo pl_borneo
67%
Brazil koth_brazil
67%
Bread Space pl_breadspace
67%
Brickyard pass_brickyard
67%
Cactus Canyon pl_cactuscanyon
67%
Coal Town mvm_coaltown
67%
DeGroot Keep cp_degrootkeep
67%
Doomsday sd_doomsday
67%
Embargo pl_embargo
67%
Enclosure pl_enclosure_final
67%
Fastlanecp_fastlane
67%
Foundry (Capture The Flag) ctf_foundry
67%
Foundry (Control Point)cp_foundry
67%
Frontier pl_frontier_final
67%
Granary (Arena)arena_granary
67%
Granary (Control Point)cp_granary
67%
Helltower plr_hightower_event
67%
Kong King koth_king
67%
Lakeside koth_lakeside_final
67%
Metalworkscp_metalworks
67%
Mossrock cp_mossrock
67%
Mountain Lab cp_mountainlab
67%
Pelican Peakctf_pelican_peak
67%
Penguin Peakctf_penguin_peak
67%
Pipeline plr_pipeline
67%
Sinshinecp_sunshine_event
67%
Snakewatercp_snakewater_final1
67%
Standin cp_standin_final
67%
Steel cp_steel
67%
Swiftwater pl_swiftwater_final1
67%
5Gorgecp_5gorge
56%
Abbey2koth_abbey
56%
Aquarius pl_aquarius
56%
Atom Smash pd_atom_smash
56%
Barnblitz pl_barnblitz
56%
Boardwalk koth_boardwalk
56%
Brewcp_brew
56%
Carnival of Carnage sd_doomsday_event
56%
Coldfrontcp_coldfront
56%
Demolition koth_demolition
56%
Fulgur cp_fulgur
56%
Gavle cppl_gavle
56%
Ghost Town mvm_ghost_town
56%
Gullywashcp_gullywash_final1
56%
Hadal cp_hadal
56%
Hellfire ctf_hellfire
56%
Junction cp_junction_final
56%
Laughter koth_slaughter_event
56%
Lazarus koth_lazarus
56%
Mann Manor cp_manor_event
56%
Nightfall plr_nightfall_final
56%
Nutcracker pd_nutcracker
56%
Odyssey pl_odyssey
56%
Phoenix pl_phoenix
56%
Pier pl_pier
56%
Pressurectf_pressure
56%
Processcp_process_final
56%
Rottenburg mvm_rottenburg
56%
Rotunda koth_rotunda
56%
Sharkbay koth_sharkbay
56%
Snowplow cp_snowplow
56%
Snowycoast pl_snowycoast
56%
Thunder Mountain pl_thundermountain
56%
Thunder Mountain (Capture The Flag) ctf_thundermountain
56%
Venice pl_venice
56%
Viaduct koth_viaduct
56%
Watchtower arena_watchtower
56%
Applejackctf_applejack
44%
Bigrockmvm_bigrock
44%
Brimstone pl_fifthcurve_event
44%
Camber pl_camber
44%
Cargocp_cargo
44%
Cashworks pl_cashworks
44%
Citadel pl_citadel
44%
Crasher!ctf_crasher
44%
Cutter plr_cutter
44%
Decoy mvm_decoy
44%
Freaky Faircp_freaky_fair
44%
Ghost Fort koth_lakeside_event
44%
HAARP ctf_haarp
44%
Hacksaw plr_hacksaw
44%
Harvest Event koth_harvest_event
44%
Hassle Castle pl_hasslecastle
44%
Highpass koth_highpass
44%
Lumberyard arena_lumberyard
44%
Mannhole koth_mannhole
44%
Mannworks mvm_mannworks
44%
Matterhorn plr_matterhorn
44%
Offblast arena_offblast_final
44%
Overgrown cp_overgrown
44%
Patagonia pl_patagonia
44%
Precipice pl_precipice_event_final
44%
Probed koth_probed
44%
Sandcastle cp_degrootkeep_rats
44%
Snowtower koth_snowtower
44%
Sulfur cp_sulfur
44%
Turbine Centerctf_turbine_winter
44%
Vanguardcp_vanguard
44%
Watergate pd_watergate
44%
Winter Ridge koth_winter_ridge
44%
Yukoncp_yukon_final
44%
Blowout koth_blowout
33%
Burghausen cp_burghausen
33%
Byre arena_byre
33%
Canaveralcp_canaveral_5cp
33%
Carriercp_carrier
33%
Cauldron koth_bagel_event
33%
Circus pd_circus
33%
Coal Pitcp_gravelpit_snowy
33%
Conifercp_conifer
33%
Cowerhousecp_cowerhouse
33%
Devastation zi_devastation_final
33%
Devilcrossctf_doublecross_event
33%
Distillery vsh_distillery
33%
District pass_district
33%
Doublefrostctf_doublecross_snowy
33%
Eyeaduct koth_viaduct_event
33%
Fortezzacp_fortezza
33%
Freightcp_freight_final1
33%
Frostwatch cp_frostwatch
33%
Frostyctf_frosty
33%
Galleria pd_galleria
33%
Ghoulpit pl_sludgepit_event
33%
Gorge Event cp_gorge_event
33%
Hardwood cp_hardwood_final
33%
Hellstone pl_millstone_event
33%
Helltrainctf_helltrain_event
33%
Lava Pit cp_lavapit_final
33%
Los Muertos koth_los_muertos
33%
Maul vsh_maul
33%
Megaton koth_megaton
33%
Monster Bash pd_monster_bash
33%
Powerhousecp_powerhouse
33%
Ravine arena_ravine
33%
Rumford pl_rumford_event_final
33%
Snowfallctf_snowfall_final
33%
SnowVille pd_snowville_event
33%
Spineyard pl_spineyard
33%
Suijin koth_suijin
33%
Timbertown pass_timbertown
33%
Tiny Rock vsh_tinyrock
33%
Afterlife arena_afterlife
22%
Atoll zi_atoll
22%
Blazehattan zi_blazehattan
22%
Bonesaw plr_hacksaw_event
22%
Cachoeira koth_cachoeira
22%
Cascade koth_cascade
22%
Chilly pl_chilly
22%
Corruption pl_corruption
22%
Cursed Cove pd_cursed_cove_event
22%
Dynamite tow_dynamite
22%
Emerge pl_emerge
22%
Erebus cp_ambush_event
22%
Farmageddon pd_farmageddon
22%
Frostcliff pl_frostcliff
22%
Graveyard arena_lumberyard_event
22%
Krampus koth_krampus
22%
Maple Ridge Event koth_maple_ridge_event
22%
Marshlands htf_marshlands
22%
Megalo koth_megalo
22%
Moldergrove koth_undergrove_event
22%
Moonshine Event koth_moonshine_event
22%
Outburst vsh_outburst
22%
Overcast koth_overcast_final
22%
Perks arena_perks
22%
Pit of Death pd_pit_of_death_event
22%
Sanitarium zi_sanitarium
22%
Selbyen pd_selbyen
22%
Sidewinderctf_sidewinder
22%
Sinthetic koth_synthetic_event
22%
Skirmish vsh_skirmish
22%
Slasherkoth_slasher
22%
Slime koth_slime
22%
Soul-Mill koth_sawmill_event
22%
Target tr_target
22%
Terror pl_terror_event
22%
Woods zi_woods
22%
Darkmarsh cp_darkmarsh
11%
Dusker koth_dusker
11%
Gravestone pl_rumble_event
11%
Mannsylvania pd_mannsylvania
11%
Murky zi_murky
11%
Polar pl_coal_event
11%
Reckonercp_reckoner
11%
Spookeyridge cp_spookeyridge
11%
Toxic koth_toxic
11%
No matching quizzes found
Score Distribution
Percent of People with Each Score
Percentile by Number Answered
Your Score History
You have not taken this quiz